000 00779nam a2200217Ia 4500
999 _c36323
_d36323
001 2231
003 GE_BSU
005 20221021123558.0
008 181216s1997ru xx |||||||||||||| ||ru ||
020 _a5735701029
040 _cGE_BSU
041 _arus
080 _a342.4 И-57
245 _aИностранное конституционное право /
_c[Под. ред. В.В Маклакова]
264 _aМосква :
_bЮристь,
_c1997.
300 _a512 с:.
_b20 см.
653 _aИностранное конституционное право
653 _aსაგარეო კონსტიტუციური სამართალი
700 _aМаклакова, В.В
_eრედაქტორი
_915441
942 _cBK
_2udc